Регионална библиотека "Любен Каравелов" - Русе

Облигационно право (Запис номер 108057)

MARC детайли
000 -Лидер
Контролно поле с фиксирана дължина 01512nam a2200385 c 4500
003 - Код на организацията, давaща контролен номер
Контролно поле BLK
005 - Дата и час на последна редакция
Контролно поле 20180422105824.0
008 - Елементи от данни с фиксирана дължина
fixed length control field 180409b bul|||||r ||||||| ||bul||
010 ## - Наследен системен номер
LC control number KNG00113355000
020 ## - Международен стандартен номер на книга ISBN
Международен стандартен номер на книга ISBN 954-730-192-6
-- издат.: Сиби
040 ## - Източник на каталожния запис
Идентификатор на билиотеката - собственик на записа BLK
041 ## - Код за език
Код за езика на текст/звукозапис или на отделно заглавие Български
Код за езика КДБФ Български
080 ## - УДК
Текстов определител УДК Облигационно право. Задължения, договори, споразумения
УДК код - определител по УДК 347.4
УДК определител (497.2)(075)
УДК - код + определител 347.4(497.2)(075)
100 1# - Редна дума - Автор
Автор Марков, Методи Марков
Авторска отговорност първи автор
R(LIN) 368911
139 ## - Редно поле
Редна дума Марков, Методи Марков
Авторски знак Марк - М 32
245 10 - Сведения за заглавието
Заглавие Облигационно право
Подзаглавни данни Помагало
Редно поле (дума) Методи Марков Марков.
257 ## - Страна на издаване
Страна на създаване/издаване България
260 ## - Област на издателските данни
-- София
Име на издателя, разпространителя и проч. Сиби
Година на издаване 2004
300 ## - Физическа характеристика
Страници 368 с.
Размери/Мащаб 19 см
380 ## - Жанр
Жанр Обществени науки
490 1# - СЕРИИ (Колекции)
Име на серия Поредица Modus studendi : Преглед на изпитната материя
500 ## - Общи забележки
Забележка Офс. изд. - Библиогр. след отд. разд.
650 #4 - Допълнително описание по предмет – тема
Основно описание – тема или топоним Облигационно право - България - учебници за ВУЗ
9 (RLIN) 260232
651 #4 - Допълнително описание по предмет - топоним
Географско понятие България
9 (RLIN) 241624
653 ## - Ключова дума – ненормативна
Ключова дума облигационно право
653 ## - Ключова дума – ненормативна
Ключова дума учебни помагала
653 ## - Ключова дума – ненормативна
Ключова дума собственост
653 ## - Ключова дума – ненормативна
Ключова дума договори
653 ## - Ключова дума – ненормативна
Ключова дума България
852 ## - Местоположение
Форматна сигнатура Цб 219828
856 4# - Електронен адрес и достъп
Електронен формат pdf - файл
Път до файла /url/
856 4# - Електронен адрес и достъп
Електронен формат pdf - файл
Път до файла /url/
942 ## - АРТИКУЛИ
Вид на библиотечния материал Книги
Скрит в OPAC Не
944 ## - СЪЗДАВАНЕ И РЕДАКЦИЯ на ЗАПИСА
Създаване/Редакция Създаване
Дата на регистрацията/редакция 02.06.2004
Статус, дата на статуса ф /
Служител, извършил регистрацията/редакцията Людмила_Стоянова
944 ## - СЪЗДАВАНЕ И РЕДАКЦИЯ на ЗАПИСА
Създаване/Редакция Редакция
Дата на регистрацията/редакция 27.09.2012
Статус, дата на статуса ф /
Служител, извършил регистрацията/редакцията
999 ## - СИСТЕМНИ КОНТРОЛНИ НОМЕРА
Koha biblionumber 108057
Koha biblioitemnumber 108057
Наличности
Код за отписване Код за изгубен артикул Източник на класификационната схема Код за повреда Коз за рестрикции Код за отдаване Артикулен № Име на библиотеката - собственик Име на библиотеката, в която се намира в момента Статус (Текущо местоположение) Дата на вписване в системата Местоположение - отдел Цена в лева Инвентарен номер Систематично азбучна сигнатура Баркод Номер на екземпляра Цена в евро Служебна бележка Служебен тип на артикула
Изтеглен Не е изгубен Universal Decimal Classification Не е повреден без рестрикции заемане за дома 174272 Регионална библиотека "Любен Каравелов" Русе Регионална библиотека "Любен Каравелов" Русе Заемна - подръчен фонд 2004-05-31 Заемна - подръчен фонд 9.90 120000685843 П 347/М 32 120000685843 1 5.06 Дост: Pk Вид: Ф N: 1 Дата: 31.05.2004 Дата инв: 29.01.2015 Бележки инв: П2015 Книги
  Не е изгубен   Не е повреден без рестрикции ползва се в читалня 174273 Регионална библиотека "Любен Каравелов" Русе Регионална библиотека "Любен Каравелов" Русе Хранилище 2004-12-20 Хранилище 9.90 120000690722 Цб 219828 120000690722 2 5.06 Дост: Dp Вид: Д N: 10 Дата: 25.02.2004 Книги
Vip Innovations Ltd, Rousse, Bulgaria 2025